Statistics for Largest Social Media Platforms

Click here to take the quiz!

General Stats

  • This quiz has been taken 93 times
  • The average score is 7 of 15

Answer Stats

Number Of Active UsersSocial Media Platform% Correct
1,000,000,000Instagram
100%
2,498,000,000Facebook
97%
386,000,000Twitter
91%
398,000,000Snapchat
85%
800,000,000Tik Tok
83%
2,000,000,000Youtube
79%
2,000,000,000WhatsApp
55%
430,000,000Reddit
50%
366,000,000Pinterest
36%
1,165,000,000WeChat
27%
1,300,000,000Facebook Messenger
9%
731,000,000QQ
8%
400,000,000Kuaishou
4%
516,000,000Sina Weibo
4%
517,000,000QZone
3%

Score Distribution

Percentile by Number Answered

Percent of People with Each Score

Your Score History

You have not taken this quiz